000 00242nam a22000977a 4500
008 231212b |||||||| |||| 00| 0 eng d
020 _a9789389535396
100 _aJain Anima
_97734
245 _aScience-6
260 _aNew Delhi
_bFuture Kids
_c2023
999 _c12511
_d12511